| 000 | 00833nam a22002777a 4500 | ||
|---|---|---|---|
| 003 | CHAP | ||
| 005 | 20220329133907.0 | ||
| 008 | 971013s1978 r 00010 d | ||
| 010 | _a12366 | ||
| 011 | _a13338 | ||
| 035 | _a17409 | ||
| 040 | _cCHAP | ||
| 082 |
_a631.4 _bH38 1978 |
||
| 100 | 0 | 0 |
_aHausenbuiller, R. L. _953096 |
| 245 | _aSoil science; principles and practices | ||
| 250 | _a2 ed. | ||
| 260 |
_aDubuque, Iowa : _bBrown, _c1978 |
||
| 300 |
_a611 p. D _b: ilus. ;'gráfs. |
||
| 590 |
_aBATCH-UPD _b10 _c20130110 _lUCH01 _h1513 |
||
| 590 |
_aCONVERSION _b10 _c20130109 _lUCH01 _h1308 |
||
| 650 | 1 | 4 |
_aSuelos. _9110191 |
| 901 | _aBK | ||
| 942 | _cLIBRO | ||
| 949 |
_a631.4 H38 1978 _bBC _cLIBRO _d33724000060695 _eLIBRO _fc.2 _h56505 _i17409 _si |
||
| 949 |
_a631.4 H38 1978 _bBC _cLIBRO _d33724000060703 _eLIBRO _h55977 _i17409 _si |
||
| 999 |
_c12366 _d12366 |
||